Statistics for Easy General Knowledge

Click here to take the quiz!

General Stats

  • This quiz has been taken 2,003 times
  • The average score is 12 of 15

Answer Stats

HintAnswer% Correct
What is H2O?Water
100%
Which has the highest mountain: Earth or Mars?Mars
96%
What country has the most population?China
92%
What planet was officially a dwarf planet in 2006?Pluto
88%
Who was the first person to walk on the moon?Neil Armstrong
87%
What planet is the closest to the sun?Mercury
86%
What is the name of our galaxy?Milky Way
86%
What planet has the great red spot?Jupiter
79%
What is the biggest country in the world?russia
79%
How many oceans are there in the world?5
76%
Who was the first U.S. president?George Washington
76%
Which one of the beatles members got shot?John Lennon
67%
What country is the smallest?vatican
67%
What band sang Back in Black?AC/DC
45%
Why is the universe expanding?The big bang
29%

Score Distribution

Percentile by Number Answered

Percent of People with Each Score

Your Score History

You have not taken this quiz